| 000 | 00924nam a2200253 i 4500 | ||
|---|---|---|---|
| 001 | 17727 | ||
| 003 | ES-MaACL | ||
| 005 | 20230906151644.0 | ||
| 007 | t| | ||
| 008 | 010510s1954 sp ||||1| spa d | ||
| 080 | _a338.45:669.1(460) | ||
| 080 | _a669.1(460):338.45 | ||
| 100 | 0 |
_aParís Eguilaz, Higinio. _989148 |
|
| 245 | 1 | 0 |
_aProblemas de la expansión siderúrgica en España / _cpor Higinio Paris Eguilaz. |
| 260 |
_aMadrid : _bInstituto Sancho de Moncada, de Economía, _c1954. |
||
| 300 |
_a137 p. ; _c25 cm. |
||
| 500 | _aEn port.: Consejo Superior de Investigaciones Científicas. | ||
| 500 | _aBiblioteca Juan Andrade. | ||
| 650 | 1 | 4 |
_aIndustria siderúrgica- _zEspaña. _913733 |
| 710 | 2 |
_aConsejo Superior de Investigaciones Científicas (España) _93236 |
|
| 710 | 2 |
_aInstituto de Economía "Sancho de Moncada" _94867 |
|
| 852 |
_aES-MaACL _jAND-14 _bR.109345 |
||
| 852 |
_aES-MaACL _jC-8708 _bR.36764 |
||
| 999 |
_c17727 _d17727 |
||